Pays par acteur/actrice célèbres - Statistiques

Statistiques générales
  • Ce quiz a été pris 99 fois
  • Le résultat moyen est 17 sur 20
Statistiques - réponses
Par images Hint Réponse % Correct
Shahrukh Khan / Smita Patil Inde
96%
Hiroyuki Sanada / Kuroki Haru Japon
96%
Francois Damiens / Virginie Efira Belgique
95%
Song Kang-ho / Jeon Do-yeon Corée du Sud
95%
Javier Bardem / Penelope Cruz Espagne
95%
Omar Sy / Léa Seydoux France
94%
Jackie Chan / Maggie Cheung Hong Kong / Chine
94%
Roberto Benigni / Monica Bellucci Italie
93%
Steve Carell / Emma Stone États-Unis
89%
Hugh Jackman / Margot Robbie Australie
88%
Volodymyr Zelensky / Olga Kurylenko Ukraine
85%
Jim Carrey / Rachel McAdams Canada
84%
Benedict Cumberbatch / Olivia Colman Royaume-Uni
84%
Cillian Murphy / Saoirse Ronan Irlande
80%
Ahmed Benaïssa / Lyna Khoudri Algérie
75%
Diego Luna / Salma Hayek Mexique
74%
Arnold Schwarzenegger / Hedy Lamarr Autriche
73%
Mads Mikkelsen / Sidse Babett Knudsen Danemark
69%
Wagner Moura / Fernanda Torres Brésil
55%
Temuera Morrison / Melanie Lynskey Nouvelle-Zélande
38%
Aucun quiz correspondant
Distribution des résultats
% des personnes avec chaque résultat
Percentile par nombre de réponses
Votre historique - résultats
Vous n’avez pas pris ce quiz